000 00602nam a2200229Ia 4500
003 OSt
005 20220928101748.0
006 a|||||r|||| 00| 0
007 ta
008 220927b |||||||| |||| 00| 0 eng d
024 _a54449
037 _cTextual
040 _aSDCL
_cSDCL
_beng
041 _2eng
_aeng
082 _aO152,6N392x, PO
100 _aMishr Govind
_9392053
245 0 _aSamay aur sarajna.
260 _aNew Delhi
_bRadhakrishna Prakashan
_c2000
300 _a123p.
_ccm.
942 _hO152,6N392x, PO
_cTEXL
_2CC
999 _c710505
_d710505